Guess all Pokémon with a Q - Statistics

General Stats
  • This quiz has been taken 13 times
  • The average score is 7 of 18
Answer Stats
Dex No. Type Pokémon % Correct
#156 Fire Quilava
89%
#008 Water Squirtle
89%
#155 Fire Cyndaquil
67%
#912 Water Quaxly
56%
#031 Poison/Ground Nidoqueen
44%
#195 Water/Ground Quagsire
44%
#211 Water/Poison Qwilfish
44%
#914 Water/Fighting Quaquaval
33%
#913 Water Quaxwell
33%
#416 Bug/Flying Vespiquen
33%
#904 Dark/Poison Overqwil
22%
#651 Grass Quilladin
22%
#384 Dragon/Flying Rayquaza
22%
#752 Bug/Water Araquanid
11%
#822 Flying Corvisquire
11%
#284 Bug/Flying Masquerain
11%
#931 Flying/Normal Squawkabilly
11%
#520 Flying/Normal Tranquil
11%
No matching quizzes found
Score Distribution
Percent of People with Each Score
Percentile by Number Answered
Your Score History
You have not taken this quiz